Математическая коррекция неточной ориентации осей чувствительности акселерометров, входящих в состав акселерометрического построителя вертикали; Современные техника и технологии; Т. 1

Bibliografski detalji
Parent link:Современные техника и технологии: 11-я международная научно-практическая конференция студентов, аспирантов и молодых ученых, г. Томск, 29-марта - 2 апреля 2005 г.: труды/ Томский политехнический университет.— , 2005
Т. 1.— 2005.— С. 153-155
Glavni autor: Якимова Е. В.
Jezik:ruski
Izdano: 2005
Teme:
Format: Poglavlje knjige
KOHA link:https://koha.lib.tpu.ru/cgi-bin/koha/opac-detail.pl?biblionumber=93572

MARC

LEADER 00000naa2a2200000 4500
001 93572
005 20231031105244.0
035 |a (RuTPU)RU\TPU\book\100184 
090 |a 93572 
100 |a 20060330d2005 k y0rusy50 ca 
101 0 |a rus 
102 |a RU 
200 1 |a Математическая коррекция неточной ориентации осей чувствительности акселерометров, входящих в состав акселерометрического построителя вертикали  |f Е. В. Якимова 
320 |a Библиогр.: 4 назв. 
461 1 |0 (RuTPU)RU\TPU\book\96566  |t Современные техника и технологии  |o 11-я международная научно-практическая конференция студентов, аспирантов и молодых ученых, г. Томск, 29-марта - 2 апреля 2005 г.: труды  |f Томский политехнический университет  |d 2005 
463 0 |0 (RuTPU)RU\TPU\book\96163  |t Т. 1  |v С. 153-155  |d 2005  |p 404 с. 
610 1 |a акселерометры 
610 1 |a построители вертикали 
610 1 |a математическая коррекция 
610 1 |a микромеханические акселерометры 
610 1 |a датчики 
610 1 |a оси чувствительности 
610 1 |a системы координат 
610 1 |a труды учёных ТПУ 
700 1 |a Якимова  |b Е. В. 
801 1 |a RU  |b 63413507  |c 20060330  |g PSBO 
801 2 |a RU  |b 63413507  |c 20141031  |g RCR 
942 |c BK